Zu den Verbalpräfixen in den uralischen Sprachen

Elmentve itt :
Bibliográfiai részletek
Szerző: Pusztay János
Dokumentumtípus: Könyv része
Megjelent: JATE Finnugor Tanszék Szeged 1996
Sorozat:Ünnepi könyv Mikola Tibor tiszteletére
Kulcsszavak:Uráli nyelvek
Tárgyszavak:
Online Access:http://acta.bibl.u-szeged.hu/86347
LEADER 00745naa a2200205 i 4500
001 acta86347
005 20250205124522.0
008 250205s1996 hu o 000 ger d
020 |a 963 482 099 9 
040 |a SZTE Egyetemi Kiadványok Repozitórium  |b hun 
041 |a ger 
100 1 |a Pusztay János 
245 1 0 |a Zu den Verbalpräfixen in den uralischen Sprachen  |h [elektronikus dokumentum] /  |c  Pusztay János 
260 |a JATE Finnugor Tanszék  |b Szeged  |c 1996 
300 |a 257-259 
490 0 |a Ünnepi könyv Mikola Tibor tiszteletére 
650 4 |a Bölcsészettudományok 
650 4 |a Nyelvek és irodalom 
695 |a Uráli nyelvek 
856 4 0 |u http://acta.bibl.u-szeged.hu/86347/1/1996_mikola_tibor_unnepi_konyv_257-259.pdf  |z Dokumentum-elérés